000 00502nam a2200145Ia 4500
008 210716s1999 xx 000 0 und d
020 _a8178085003
041 _aeng
082 _a658.406 FREW
100 _aFrench, Wendell L;Bell, Cecil H.
245 _aOrganization development: behavioral science interventions for organization improvement.
_bBehavioral science interventions for organization improvement.
250 _a6
260 _aNew Delhi
_bPearson Education
_c1999
300 _avii,343/2003
999 _c197850
_d197850